| 000 | 00562nam a2200133Ia 4500 | ||
|---|---|---|---|
| 008 | 171212s9999 xx 000 0 und d | ||
| 020 | _a9780833045584 | ||
| 100 | _aGreen, Jerrold D.;Wehrey, Frederic;Wolf, Charles Jr. | ||
| 245 |
_cGreen, Jerrold D.;Wehrey, Frederic;Wolf, Charles Jr. _aUnderstanding Iran |
||
| 260 |
_bRAND Corporation _c2009 |
||
| 650 | _aIran -- Politics and government -- 1997–; Iran -- Economic conditions -- 1997–; Iran -- Foreign relations -- 1997– | ||
| 650 | _aPolitical Science | ||
| 856 | _uwww.jstor.org/stable/10.7249/mg771srf | ||
| 999 |
_c352779 _d352779 |
||